L'abast de l'autonomia de Puerto Rico : jornades = El alcance de la autonomía de Puerto Rico : jornadas jornades = El alcance de la autonomía de Puerto Rico :
ISBN:
84-393-6717-1
Descripción Física:
119 p. ; 24 cm
Colección:
Testimonis parlamentaris ; 17
MARC
| LEADER | 00000nam a2200000Ia 4500 | ||
|---|---|---|---|
| 001 | 19707 | ||
| 008 | 160829s2006 xx 000 0 cat d | ||
| 020 | |a 84-393-6717-1 | ||
| 080 | |a S-1-147 | ||
| 245 | |a L'abast de l'autonomia de Puerto Rico : |b jornades = El alcance de la autonomía de Puerto Rico : |b jornadas | ||
| 260 | |a Barcelona: |b Parlament de Catalunya, |c 2006 | ||
| 300 | |a 119 p. ; |c 24 cm | ||
| 490 | |a Testimonis parlamentaris ; 17 | ||
| 590 | |a Jornades celebrades al Parlament de Catalunya amb la col·laboració de la Facultat de Dret de la Universitat de Barcelona els dies 5 i 6 de juliol de 2004. | ||
| 590 | |a Textos en ctalà i castellà | ||
| 650 | |a Competència (Dret) |x Puerto Rico |x Congressos |9 43054 | ||
| 650 | |a Autonomia |x Puerto Rico |x Congressos |9 43055 | ||
| 650 | |a Puerto Rico |x Política i govern |x Congressos |9 43056 | ||
| 710 | 1 | |a Catalunya. |b Parlament |9 11492 | |
| 901 | |a Arxiu | ||
| 942 | |n 1 | ||
| 952 | |0 0 |1 0 |4 0 |6 S1147 |7 1 |9 51150 |a Arxiu |b Arxiu |d 2016-12-01 |l 0 |o S-1-147 |p 19707 |r 2016-12-01 00:00:00 |w 2016-12-01 |y ARXIU | ||
| 999 | |c 54993 |d 54993 | ||